Guess the Fusion Rock Song Lyrics #320 - Statistics

General Stats
  • This quiz has been taken 9 times
  • The average score is 227 of 248
Answer Stats
Answer % Correct
air
100%
an
100%
and
100%
And
100%
around
100%
don't
100%
Don't
100%
Every
100%
every
100%
Everywhere
100%
I
100%
i
100%
if
100%
I'm
100%
in
100%
In
100%
is
100%
it's
100%
just
100%
know
100%
look
100%
Love
100%
love
100%
Oh
100%
oh
100%
out
100%
that
100%
the
100%
there
100%
when
100%
When
100%
you
100%
your
100%
believe
86%
But
86%
call
86%
eyes
86%
for
86%
my
86%
sight
86%
sound
86%
you're
86%
being
71%
day
71%
dreaming
71%
foolish
71%
of
71%
reach
71%
feel
57%
must
57%
name
57%
something
57%
done
43%
illusion
43%
see
43%
John Paul Young
29%
risin
29%
sea
29%
sun
29%
trees
29%
true
29%
wise
29%
nearly
14%
whisper
14%
sane
0%
thunder
0%
No matching quizzes found
Score Distribution
Percent of People with Each Score
Percentile by Number Answered
Your Score History
You have not taken this quiz